| 000 | 01799cas a22004575a 4500 | ||
|---|---|---|---|
| 999 |
_c12850 _d12850 |
||
| 001 | 14021266 | ||
| 003 | EG-ScBUE | ||
| 005 | 20191210135339.0 | ||
| 006 | m||||fq||h 00| 0 | ||
| 007 | ta | ||
| 008 | 050529r20092004enka f 000 0 eng d | ||
| 020 | _a9780521750554 (pbk. : student's bk. 2) | ||
| 020 | _a9780521750592 | ||
| 035 | _a(OCoLC)ocm60517320 | ||
| 040 |
_aH2E _beng _erda _cH2E _dDLC _dEG-ScBUE |
||
| 082 | 0 | 4 |
_a428.24 _bPUC _222 |
| 100 | 1 |
_aPuchta, Herbert, _eauthor. _99117 |
|
| 245 | 1 | 0 |
_aEnglish in mind. _n2 / _cHerbert Puchta, Jeff Stranks. |
| 250 | _aThirteenth printing. | ||
| 264 | 1 |
_aCambridge, UK : _bCambridge University Press, _c2009. |
|
| 300 |
_a2 volumes : _billustrations ; _c30 cm + _e1 audio CD |
||
| 336 |
_2rdacontent _atext _btxt |
||
| 336 |
_2rdacontent _asounds _bsnd |
||
| 337 |
_2rdamedia _aunmediated _bn |
||
| 337 |
_2rdamedia _aaudio _bs |
||
| 338 |
_2rdacarrier _avolume _bnc |
||
| 338 |
_2rdacarrier _acomputer disc _bcd |
||
| 500 | _aFirst published 2004. | ||
| 505 | 0 | _aStudent's book -- Workbook. | |
| 520 | _aEnglish in Mind is a six-level course for teenagers. | ||
| 590 | _areham | ||
| 650 | 7 |
_aEnglish language _vTextbooks for foreign speakers. _2BUEsh _99118 |
|
| 650 | 7 |
_aEnglish language _xGrammar _vProblems, exercises, etc. _2BUEsh _99119 |
|
| 653 |
_cJuly2019 _bHHUUEENN |
||
| 655 | _vReading book | ||
| 700 | 1 |
_aStranks, Jeff, _eauthor. _99121 |
|
| 856 | 4 | 2 |
_3Publisher description _uhttp://www.loc.gov/catdir/enhancements/fy0632/2005544510-d.html |
| 856 | 4 | 1 |
_3Table of contents only _uhttp://www.loc.gov/catdir/enhancements/fy0632/2005544510-t.html |
| 942 |
_2ddc _cNB |
||